| Tag |
First Indicator |
Second Indicator |
Subfields |
| LEADER |
00000cam a2200000 a 4500 |
| 001 |
in00000080959 |
| 005 |
20151008055342.0 |
| 008 |
790608s1979 dcu b 00110 enged |
| 010 |
|
|
|a 79062910
|
| 020 |
|
|
|a 0819107182
|
| 035 |
|
|
|a (OCoLC)05049796
|
| 035 |
|
|
|9 AAJ3238AM
|
| 040 |
|
|
|a OCM
|c OCM
|d VRC
|d UMK
|d OCL
|d TXA
|d UtOrBLW
|
| 049 |
|
|
|a TXAM
|c [1387401]
|
| 090 |
|
|
|a BF637.B4
|b S7
|
| 096 |
|
|
|a WM 425 S811
|
| 100 |
1 |
|
|a Steckel, Clyde J.
|
| 245 |
1 |
0 |
|a Theology and ethics of behavior modification /
|c Clyde J. Steckel.
|
| 264 |
|
1 |
|a Washington, D.C. :
|b University Press of America,
|c [1979]
|
| 264 |
|
4 |
|c ©1979
|
| 300 |
|
|
|a v, 175 pages ;
|c 23 cm.
|
| 336 |
|
|
|a text
|b txt
|2 rdacontent
|
| 337 |
|
|
|a unmediated
|b n
|2 rdamedia
|
| 338 |
|
|
|a volume
|b nc
|2 rdacarrier
|
| 504 |
|
|
|a Includes bibliographical references and index.
|
| 650 |
|
0 |
|a Behavior modification.
|
| 650 |
|
0 |
|a Medical ethics.
|
| 650 |
|
0 |
|a Religion and ethics.
|
| 650 |
|
2 |
|a Behavior Therapy.
|
| 650 |
|
2 |
|a Ethics, Medical.
|
| 650 |
|
2 |
|a Religion.
|
| 999 |
|
|
|a MARS
|
| 999 |
f |
f |
|s 7a3437ba-2dea-3a30-982c-fedabba77860
|i c4e34f32-dc13-3ca5-97f4-4534ae2029d2
|t 0
|
| 952 |
f |
f |
|p ric
|a Texas A&M University
|b Rellis Campus
|c Joint Library Facility
|d Remote Storage
|t 0
|e BF637.B4 S7
|h Library of Congress classification
|i unmediated -- volume
|m A14806087675
|
| 998 |
f |
f |
|a BF637.B4 S7
|t 0
|l Remote Storage
|